000 01798nam a22003617a 4500
003 OSt
005 20230608105355.0
008 221006b |||||||| |||| 00| 0 eng d
040 _cBiblioteca Lado V
082 _a800
_bG984r
100 _9849
_aGutierrez, Rafael
_edirector
245 _aRevista de la Universidad de San Carlos de Guatemala/
260 _aImpreso en Litografía Llerena
_c2003
_bGuatemala
300 _c21.5x27cm
_a85p.
366 _espa
490 _a3
_v2003
505 _tEnsayos
_aSobre la traducción de algunos títulos Tito y la estrella polar El cuento mas corto del mundo El dialogo del estilo y la imagen Zapping
505 _tLetras
_aPoemas Relato Relato Prosa
505 _tDebate
_aEl destino de los vencidos (epilogo)
505 _tArte
_aLuis Gonzalez Palma: Nupcias con la soledad Obra el arte
505 _tComentarios
_aDame mas tiempo vida La pequeña Burguesia Indigena comercial Guatemala
505 _tTrapiche
_a1er, Encuentro de Poetas Nicaragüenses y Costarricenses Epístola a los poetas de la frontera Costa Rica y Nicaragua Poesía del encuentro Conclusiones Cuento: Liudmila Poesía: Carta a Piero della Francesca
505 _tADUANA
_aLibros Revistas y Suplementos
505 _tA la tica
_aEl ambiente tico y los mitos tropicales
650 _2Tesauro de Arte & Arquitectura
_aENSAYOS
_9703
650 _2Tesauro de Arte & Arquitectura
_aNARRATIVA
_9702
650 _2Tesauro de Arte & Arquitectura
_aDEBATE
_9702
650 _2Tesauro de Arte & Arquitectura
_aPOESIA
650 _2Tesauro de Arte & Arquitectura
_aARTE
650 _2Tesauro de Arte & Arquitectura
_aCULTURA
700 _aNavarreta, Jose Antonio
_eeditor
942 _2ddc
_c1
_h800
_iG984r
_n0
999 _c3824
_d3824